| 000 | 00000nam 2200000zi 4500 |
| 001 | 9.946017 |
| 003 | CaOODSP |
| 005 | 20251211071054 |
| 006 | m o d f |
| 007 | cr mn||||||||| |
| 008 | 241210e202412##onca ob f000 0 fre d |
| 040 | |aCaOODSP|bfre|erda|cCaOODSP |
| 043 | |an-cn--- |
| 086 | 1 |aYC32-0/441-8F-PDF |
| 110 | 1 |aCanada. |bParlement. |bSénat. |bComité sénatorial permanent des droits de la personne, |eauteur, |eorganisme de publication. |
| 245 | 10|aArrachés de leurs foyers : |bla crise mondiale des déplacements forcés : rapport du Comité sénatorial permanent des droits de la personne / |cl'honorable Salma Ataullahjan, présidente ; l'honorable Wanda Thomas Bernard, vice-présidente. |
| 246 | 17|aArrachés de leurs foyers : |bla crise mondiale des déplacements forcés |
| 264 | 1|aOttawa (Ontario), Canada : |bSénat, Canada = Senate, Canada, |cdécembre 2024. |
| 300 | |a1 ressource en ligne (74 pages) : |billustrations en couleur. |
| 336 | |atexte|btxt|2rdacontent/fre |
| 337 | |ainformatique|bc|2rdamedia/fre |
| 338 | |aressource en ligne|bcr|2rdacarrier/fre |
| 490 | 1 |aRapport du Comité sénatorial permanent des droits de la personne ; |v[8e rapport, 44e législature, 1re session] |
| 500 | |aPublié aussi en anglais sous le titre : Ripped from home: the global crisis of forced displacement: report of the Standing Senate Committee on Human Rights. |
| 500 | |aTitre de la couverture. |
| 504 | |aComprend des références bibliographiques. |
| 650 | 6|aMigration forcée|xPolitique gouvernementale|zCanada. |
| 650 | 6|aRéfugiés|xPolitique gouvernementale|zCanada. |
| 650 | 6|aRéfugiés|xProtection|xCoopération internationale. |
| 650 | 6|aRéfugiés|xDroits. |
| 650 | 6|aAide humanitaire canadienne. |
| 700 | 1 |aAtaullahjan, Salma. |
| 775 | 08|tRipped from home : |w(CaOODSP)9.946015 |
| 830 | #0|aRapport du Comité sénatorial permanent des droits de la personne ;|v8e rapport, 44e législature, 1re session.|w(CaOODSP)9.501651 |
| 856 | 40|qPDF|s1.44 Mo|uhttps://publications.gc.ca/collections/collection_2024/sen/yc32-0/YC32-0-441-8-fra.pdf |